[Event "San Francisco TNM Spring op"]
[White "Chan, John"]
[Black "Hoo, Jonathan Soo"]
[Site "San Francisco"]
[Round "5"]
[Result "1/2-1/2"]
[Date "2006.04.25"]
[WhiteElo "1693"]
[BlackElo "1824"]
[PlyCount "107"]
[EventDate "2006.03.28"]
[EventType "swiss"]
[EventRounds "8"]
[EventCountry "USA"]
[SourceTitle "EXT 2007"]
[Source "ChessBase"]
[SourceDate "2006.11.23"]
[SourceVersion "1"]
[SourceVersionDate "2006.11.23"]
[SourceQuality "1"]

1. c4 Nf6 2. Nc3 g6 3. d4 Bg7 4. e4 d6 5. Be3 e5 6. dxe5 dxe5 7. Qxd8+ Kxd8 8. f3 Nc6 9. Bg5 h6 10. 0-0-0+ Nd4 11. Bxf6+ Bxf6 12. Nge2 Be6 13. b3 Ke7 14. Nxd4 exd4 15. Nd5+ Bxd5 16. exd5 c6 17. dxc6 bxc6 18. Bd3 c5 19. Rhe1+ Kd6 20. f4 Rae8 21. Be4 Bd8 22. b4 cxb4 23. Rxd4+ Kc5 24. Red1 Bf6 25. Rd5+ Kxc4 26. Bc2 b3 27. axb3+ Kb4 28. Rd7 Re2 29. Rxa7 Rc8 30. Ra4+ Kb5 31. Rd5+ Kc6 32. Rd2 Bb2+ 33. Kd1 Rxd2+ 34. Kxd2 Rd8+ 35. Bd3 Bc1+ 36. Kc2 Be3 37. h3 Kb6 38. Rc4 Bf2 39. g4 g5 40. f5 Bd4 41. Rb4+ Kc6 42. Be4+ Kc5 43. Rb7 Rf8 44. Kd3 Be5 45. b4+ Kd6 46. Rb6+ Ke7 47. Bd5 Rb8 48. Rxb8 Bxb8 49. b5 f6 50. b6 Kd6 51. Be4 Ke5 52. Ke3 Bd6 53. Kf3 Kd4 54. b7 1/2-1/2

[Event "San Francisco Addison op g/45"]
[White "Shankland, Samuel L"]
[Black "Hoo, Jonathan Soo"]
[Site "San Francisco"]
[Round "4"]
[Result "1-0"]
[Date "2005.06.25"]
[WhiteElo "1959"]
[BlackElo "1715"]
[PlyCount "117"]
[EventDate "2005.06.25"]
[EventType "swiss (rapid)"]
[EventRounds "5"]
[EventCountry "USA"]
[SourceTitle "EXT 2007"]
[Source "ChessBase"]
[SourceDate "2006.11.23"]
[SourceVersion "1"]
[SourceVersionDate "2006.11.23"]
[SourceQuality "1"]

1. e4 c5 2. Nf3 d6 3. d4 Nf6 4. Nc3 cxd4 5. Nxd4 a6 6. Bc4 e6 7. 0-0 b5 8. Bb3 b4 9. Nce2 Bd7 10. f4 Nc6 11. Ng3 Be7 12. Be3 Rc8 13. f5 e5 14. Nde2 h6 15. a3 Ng4 16. Qd2 Nxe3 17. Qxe3 bxa3 18. Rxa3 Bg5 19. Qd3 Qb6+ 20. Kh1 Nb4 21. Qd1 Nxc2 22. Bxc2 Qxb2 23. Rxa6 Rxc2 24. Qxd6 Be7 25. Ra8+ Rc8 26. Rxc8+ Bxc8 27. Qc6+ Bd7 28. Qa8+ Bd8 29. Qd5 Qb5 30. Nc3 Qxd5 31. Nxd5 0-0 32. f6 gxf6 33. Nxf6+ Bxf6 34. Rxf6 Kg7 35. Nh5+ Kh7 36. Ra6 Be6 37. Ra5 f6 38. Ra6 Bc8 39. Rxf6 Rxf6 40. Nxf6+ Kg6 41. Nd5 Be6 42. Nc3 Kg5 43. Kg1 Kf4 44. Kf2 Bb3 45. g3+ Kg4 46. Kg2 Bc2 47. h3+ Kg5 48. Kf3 h5 49. Nd5 Bd1+ 50. Ke3 h4 51. g4 Bxg4 52. hxg4 h3 53. Kf3 h2 54. Kg2 Kxg4 55. Kxh2 Kf3 56. Nf6 Kf4 57. Kg2 Kg5 58. Nd5 Kg4 59. Kf2 1-0

[Event "Imre Konig Memorial"]
[White "Hoo, Jonathan Soo"]
[Black "Tamondong, Cesar"]
[Site "San Francisco"]
[Round "4"]
[Result "1-0"]
[Date "2005.04.16"]
[WhiteElo "1640"]
[BlackElo "1527"]
[PlyCount "79"]
[EventDate "2005.04.16"]
[EventType "swiss (rapid)"]
[EventRounds "5"]
[EventCountry "USA"]
[SourceTitle "EXT 2024"]
[Source "ChessBase"]
[SourceDate "2023.10.10"]
[SourceVersion "1"]
[SourceVersionDate "2023.10.10"]
[SourceQuality "1"]

1. e4 d5 2. exd5 Qxd5 3. Nc3 Qa5 4. d4 Nf6 5. Bd2 c6 6. Nf3 Bf5 7. Bc4 Nbd7 8. Qe2 e6 9. 0-0-0 b5 10. Nxb5 Qb6 11. Nc3 Rb8 12. Bb3 Bb4 13. a3 Bxc3 14. Bxc3 0-0 15. Nd2 Ne4 16. Nxe4 Bxe4 17. Qxe4 Nf6 18. Qd3 Nd5 19. f3 Rfc8 20. Kb1 a5 21. Bxd5 cxd5 22. Ka2 a4 23. Bb4 Rc4 24. c3 Qc7 25. Qd2 Rc8 26. g4 Rc6 27. h4 Qg3 28. Rdf1 e5 29. dxe5 Qxe5 30. Qd4 Qe2 31. Re1 Qc2 32. Qxd5 Rf6 33. g5 Rf5 34. Qd7 Rf8 35. Bxf8 Qb3+ 36. Ka1 Rxf3 37. Qd4 f6 38. Qb4 Qc2 39. Qe7 Qg6 40. Qe6+ 1-0